| 000 | 00891na a2200277 4500 | ||
|---|---|---|---|
| 001 | 16843 | ||
| 003 | MIRAKIL | ||
| 005 | 20181213155142.0 | ||
| 008 | 161015b tu 000 0 | ||
| 035 | _a16843 | ||
| 040 |
_aMilas _btur _cTR-AnCHP |
||
| 041 | _atur | ||
| 082 |
_a343.0524 _bB34 [t.y.] |
||
| 090 | _a343.0524 B34 [t.y.] | ||
| 245 |
_aBelediye Gelirleri Kanunu _cHanifi Mert...[ve öte.] |
||
| 260 |
_aAnkara _bTürk Belediyecilik Derneği _c[t.y.] _fAkademi Matbaası |
||
| 300 |
_axlii, 784 s. _c24 sm. |
||
| 500 | _aEser adı başında: Açıklamalı-İçtihatlı | ||
| 504 | _aKaynakça var. | ||
| 650 |
_aYerel yönetimler _xHukuk ve mevzuat _zTürkiye |
||
| 650 |
_aVergi hukuku _xYerel yönetimler _zTürkiye |
||
| 650 |
_aAnayasa ve İdare hukuku _xYerel yönetimler _zTürkiye |
||
| 657 | _aBelediye Gelirleri Kanunu | ||
| 700 | _aMert, Hanifi | ||
| 942 |
_2ddc _cBKS |
||
| 999 |
_c7534 _d7534 |
||